Statistics for Spanish Las Vegas Vocabulary

Click here to take the quiz!

General Stats

  • This quiz has been taken 72 times
    (71 since last reset)
  • The average score is 26 of 49

Answer Stats

HintAnswer% Correct
partyfiesta
92%
hotelhotel
90%
to drinkbeber
88%
musicmúsica
86%
restaurantrestaurante
84%
taxitaxi
84%
airportaeropuerto
82%
casinocasino
80%
nightnoche
78%
winganar
76%
(the) tourvisita
76%
expensivecaro
75%
lightluz
75%
poolalberca
73%
storetienda
73%
touristturista
71%
suitcasemaleta
69%
tourismturismo
69%
to travelviajar
69%
famousfamoso
67%
loseperder
67%
to visitvisitar
67%
alcoholalcohol
65%
giftregalo
65%
desertdesierto
63%
hotel roomhabitación
53%
(the) drinkbebida
51%
fountainfuente
51%
(the) tripviaje
51%
sitesitio
47%
Lake MeadLago Mead
45%
flightvuelo
45%
celebritycelebridad
41%
drunkborracho
39%
to gambleapostar
29%
the Grand Canyonel Gran Cañón
29%
(the) showespectáculo
29%
(the) betapuesta
25%
hangoverresaca
24%
"las vegas" translation to Englishthe meadows
24%
(hotel) guesthuésped
22%
souvenirrecuerdo
22%
postcardpostal
18%
walletbilletera
16%
the Hoover Damla Presa de Hoover
16%
slot machinemáquina tragaperras
14%
showgirlcorista
12%
the Stripla Franja
12%
pawn shopcasa de empeños
6%

Score Distribution

Percentile by Number Answered

Percent of People with Each Score

Your Score History

You have not taken this quiz since the last reset